00390nam a2200121Ia 4500008004000000082001300040100004900053245006300102250000500165260004200170300001000212650004600222210210b1984 xxu||||| |||| 00| 0 eng d a515 NARC aNARAYANAN (S) & PILLAY (T K Manicavachagom). aCalculus: integral calculus and differential equations. V2 a aMadrasbS Viswanathan Pvt. Ltd.c1984 av,447 aIntegral calculus Differential equations